000 00215 a2200097 4500
001 14091
100 _aMalone, R.L
245 _aReading english objethively
260 _aLondon
_bMacmillan
_c
090 _c11036
_d11036
942 _aNUST-CAE
_cM
_c1155
999 _c249164
_d249164